000 00877cam a2200241 4500
001 ABS64293
008 010731n2001 000 0 eng u
035 _a(Sirsi) u113863
100 _aNoel, C.
245 _aHow flood risk advice is affecting decisions
260 _c2001
490 _aPlanning (for the Natural and Built Environment)
_v(1429) 27 July 2001, 22(1)
520 _aLooks at how the draft version of PPG25 on development and flood risk had already begun to affect appeal decisions in recent months, even before the final version was published. Briefly outlines various appeal decisions.
590 _aABS
650 _aPPG25
650 _aFLOOD RISK
650 _aFLOODPLAINS
650 _aPLANNING DECISIONS
650 _aGUIDANCE
650 _aDEVELOPMENT
690 _aENVIRONMENTAL AND LAND CONSULTANCY-PLANNING AND DEVELOPMENT
942 _n0
999 _c67838
_d67838